| 000 | 00361nam a22001457a 4500 | ||
|---|---|---|---|
| 003 | OSt | ||
| 005 | 20160727222346.0 | ||
| 008 | 160621b xxu||||| |||| 00| 0 eng d | ||
| 040 | _cTEST | ||
| 100 |
_9255 _aTrue Love, P, |
||
| 245 |
_aNuffield Maths _b3 ( T.H.B ) |
||
| 260 |
_aEng _b Longman Work _c1980 |
||
| 300 | _aNuffield Maths - 3 ( T.H.B ) | ||
| 942 |
_2ddc _cBK |
||
| 999 |
_c202 _d202 |
||